000
00285nam a2200109Ia 4500
008
230907s9999||||xx |||||||||||||| ||und||
082
_a
620.001518
_b
AYY
100
_a
Ayyub, Bilal M.,
_9
39187
245
0
_a
Numerical analysis for engineers :
300
_a
xix, 431 pages :
942
_c
BK
999
_c
599277
_d
599277